000 00540nam a2200169 i 4500
001 91324
003 ES-MaACL
005 20230906180708.0
007 t|
008 050128s1974 sp ||||1| spa d
100 1 _aLevenspiel, Octave.
_971930
245 1 0 _aIngeniería de las reacciones químicas /
_cOctave Levenspiel ; [versión por Gabriel Tojo Barreiro].
260 _aBarcelona :
_bReverté,
_c[1974]
300 _aXXII, 638 p. :
_bil. ;
_c22 cm.
700 1 _aTojo Barreiro, Gabriel.
_9110432
852 _aES-MaACL
_jE-6068
_bR.90671
999 _c91324
_d91324